000 00270nam a22001217a 4500
008 170612b xxu||||| |||| 00| 0 eng d
041 _aeng
080 _a32
100 _a19
101 _aSHP
245 _aA PRIMER FOR POLICY ANALYSIS
_cSTOKEY.E
942 _2udc
_cBK
999 _c16931
_d16931